000 01008nam a2200265Ia 4500
003 OSt
005 20221005104806.0
006 a|||||r|||| 00| 0
007 ta
008 221004b |||||||| |||| 00| 0 hin d
020 _a9788188934942 (hbk)
_c1750
024 _a1909
037 _b1773, 12/12/2012, Success Book Service
_cTextual
040 _aCRL
_cCRL
_bhin
041 _2hin
_ahin
082 _aY:1.2'C, Q3
100 _aयादव, सतीशचंद
245 0 _aभारत में सांस्कृतिक अन्तः सम्बन्ध
246 _aBhārat mean sāanskṛutik antah sambandha
260 _aदिल्ली
_bशारदा पब्लिशिंग हाउस भारत
_c2013
300 _a204पृ0
_ccm.
650 _aभारतीय-लोक साहित्य
942 _hY:1.2'C, Q3
_cTEXL
_2cc
999 _c1013807
_d1013807